[Event "Let's Play Chess!"]
[Site "http://www.queenalice.com/game.php?id=443362"]
[Date "2008.8.4"]
[Round "-"]
[White "enrikov"]
[Black "Tobe10"]
[Result "1-0"]
[WhiteElo "1961"]
[BlackElo "1342"]

1. c4 a5 2. Nc3 b6 3. Nf3 h5 4. d4 g6 5. e4 e6 6. Be2 Nc6 7. d5 Nb4 8. O-O c5 9.
a3 Na6 10. d6 Bxd6 11. Qxd6 f5 12. Bg5 Ne7 13. Bf6 Rh7 14. Ng5 Qc7 15. Qxc7 Nxc7
16. Nxh7 Ng8 17. Bf3 Nxf6 18. Nxf6+ Kf7 19. Nh7 Ba6 20. Rfd1 Rd8 21. b3 Kg7 22.
Ng5 f4 23. Nb5 Ne8 24. Nxe6+ dxe6 25. Rxd8 Nf6 26. Nd6 Ng8 27. Ra8 Bxc4 28. Nxc4
b5 29. Nxa5 h4 30. Rd1 g5 31. Rd7+ Kh8 32. Nc6 c4 33. Ne5 c3 34. Ng6# 1-0

[Event "Let's Play Chess!"]
[Site "http://www.queenalice.com/game.php?id=460753"]
[Date "2008.9.10"]
[Round "-"]
[White "CampbellMarcel"]
[Black "Tobe10"]
[Result "1-0"]
[WhiteElo "1797"]
[BlackElo "1334"]

1. d4 d5 2. c4 dxc4 3. f4 f5 4. Qa4+ c6 5. Qxc4 Qd5 6. Qd3 b5 7. Nc3 Qe6 8. d5
cxd5 9. Qxb5+ Bd7 10. Qb7 Qc6 11. Qb3 d4 12. Nd1 Be6 13. Qd3 Qb6 14. Nf3 Nf6 15.
b3 Nh5 16. Nxd4 Bd5 17. Nxf5 Qe6 18. Nd4 Qd7 19. Qb5 a6 20. Qxd7+ Nxd7 21. Nc3
Bb7 22. e4 Rc8 23. Bd2 Nc5 24. Be2 Rd8 25. Bxh5+ g6 26. Bxg6+ hxg6 27. Nf3 Nd3+
28. Kf1 e6 29. Rd1 Bc5 30. Be1 Nxf4 31. Rxd8+ Kxd8 32. g3 Nd3 33. Kg2 Rf8 34.
Rf1 Nxe1+ 35. Nxe1 Rxf1 36. Kxf1 Bd4 37. Ne2 Be3 38. Nc2 Bg5 39. e5 Be4 40. Ncd4
Bb1 41. Nxe6+ Ke7 42. Nxg5 Bd3 43. Nf3 Bb1 44. a3 a5 45. b4 a4 46. Nc3 Bd3+ 47.
Kf2 Be4 48. Nxe4 Kf7 49. Nc5 Ke7 50. Nxa4 Kd7 51. Nc5+ Kc6 52. h4 Kd5 53. a4 Kc4
54. e6 Kxb4 55. e7 Kxc5 56. e8=Q Kb4 57. Qb5+ Kc3 58. Ne5 Kd2 59. Qd3+ Kc1 60.
Nf3 Kb2 61. Nd4 g5 62. Qb3+ Kc1 63. Qc2# 1-0

[Event "Let's Play Chess!"]
[Site "http://www.queenalice.com/game.php?id=461006"]
[Date "2008.9.10"]
[Round "-"]
[White "MCMLXXXI"]
[Black "Tobe10"]
[Result "0-1"]
[WhiteElo "1717"]
[BlackElo "1312"]

1. e4 e6 2. d4 h6 3. Nc3 g5 4. Bc4 a6 5. Nge2 b5 6. Bb3 b4 7. Nb1 Nc6 8. Be3 f6
9. O-O Na5 10. c4 Nxb3 11. axb3 a5 12. Bd2 c6 13. Re1 Bd6 14. c5 Bb8 15. Bxb4
Bb7 16. Bc3 Qc7 17. e5 Ne7 0-1

[Event "RED"]
[Site "http://www.queenalice.com/game.php?id=471390"]
[Date "2008.10.1"]
[Round "-"]
[White "Kuroi"]
[Black "Tobe10"]
[Result "0-1"]
[WhiteElo "1617"]
[BlackElo "1329"]

1. e4 g5 2. d4 h6 3. Nf3 f6 4. Nc3 d6 5. Bc4 Nc6 6. d5 Nb4 7. Nd4 a6 8. Ne6 Bxe6
9. dxe6 b5 10. Be2 Qc8 11. Bh5+ Kd8 12. a3 Nc6 13. Nd5 Qxe6 14. Bg6 f5 15. Bxf5
Qe5 16. c3 e6 17. Bxe6 Qxe6 18. Qe2 Nf6 19. O-O Nxd5 20. Qd3 Nf4 21. Qf3 Ne5 22.
Qe3 Ng4 23. Qf3 Qc4 24. Bxf4 gxf4 25. Qxg4 Qxe4 26. Rae1 Qc6 27. Qxf4 Rg8 28.
Qh4+ Be7 29. Qxe7+ Kc8 30. Qe6+ Kb7 31. f3 Rae8 32. Qxh6 Rxe1 33. Rxe1 Qc5+ 34.
Re3 a5 35. Qe6 Rg5 36. h4 Re5 37. Qh6 Rxe3 38. Kh2 Re1 39. h5 Qg1+ 40. Kg3 Re2
41. Qg6 Qxg2+ 42. Kf4 Qh2+ 43. Qg3 Qxh5 44. Qg5 Qh2+ 45. Kf5 Qh3+ 46. Qg4 Qh7+
47. Qg6 Qd7+ 48. Kf4 Re6 49. Qf5 d5 50. Kg5 b4 51. axb4 axb4 52. f4 Qe7+ 53. Kg4
Qg7+ 54. Kf3 Qd7 55. Kg4 b3 56. Kf3 c6 57. Qg4 Qe7 58. f5 Re3+ 59. Kg2 Re2+ 60.
Kg3 Qe3+ 61. Qf3 Qe5+ 62. Kg4 Rxb2 63. f6 Qe8 64. Kg5 Qg8+ 65. Kf5 Qh7+ 66. Kg4
Qg8+ 67. Kf4 Qe6 68. Kg3 Re2 69. f7 Qg6+ 70. Kh3 Qh7+ 71. Kg4 Qg7+ 72. Kh3 Qh8+
73. Kg4 Qg7+ 74. Kh3 Qh8+ 75. Kg4 Re4+ 76. Kg3 Qh4+ 77. Kg2 Qg5+ 78. Kf2 Qh4+
79. Qg3 Qf6+ 80. Kg2 Qxf7 81. Kh3 b2 82. Qg1 Qh5+ 83. Kg2 Re2+ 84. Kg3 Qg5+ 85.
Kf3 Qxg1 86. Kxe2 b1=Q 87. c4 dxc4 88. Kd2 Qbc1+ 89. Ke2 Qcd1# 0-1

[Event "Red Label "]
[Site "http://www.queenalice.com/game.php?id=471393"]
[Date "2008.10.1"]
[Round "-"]
[White "SGrillo"]
[Black "Tobe10"]
[Result "1-0"]
[WhiteElo "1659"]
[BlackElo "1332"]

1. e4 e5 2. Nf3 d6 3. h3 a6 4. Bc4 b5 5. Bd5 c6 6. Bb3 Nf6 7. d3 h5 8. O-O a5 9.
a3 a4 10. Ba2 Qb6 11. Be3 Qc7 12. Bg5 c5 13. Bxf6 gxf6 14. Nc3 Ba6 15. Bd5 c4
16. Bxa8 Nc6 17. Bxc6+ Qxc6 18. dxc4 Qxc4 19. Nd5 Qxe4 20. Nxf6+ Ke7 21. Nxe4
Bb7 22. Qxd6+ Ke8 23. Qxe5+ Be7 24. Qxh8+ Bf8 25. Nd6+ Ke7 26. Nxb7 f6 27. Rfe1+
Kf7 28. Rad1 Bg7 29. Rd7+ Kg6 30. Qxg7+ Kf5 31. Nh4+ Kf4 32. Qxf6# 1-0

[Event "Red Label"]
[Site "http://www.queenalice.com/game.php?id=471431"]
[Date "2008.10.1"]
[Round "-"]
[White "Tobe10"]
[Black "prmntgen"]
[Result "0-1"]
[WhiteElo "1340"]
[BlackElo "1597"]

1. e4 e5 2. a3 Nf6 3. d3 c6 4. b4 Be7 5. Qf3 O-O 6. g4 d5 7. exd5 Bxg4 8. Qe3
Qxd5 9. Nc3 Qxh1 10. f3 Bh5 11. Nge2 Bxf3 12. Ng3 Qxh2 13. Qxf3 Qxc2 14. Nce2
Rd8 15. Bd2 Rxd3 16. Rc1 Qxd2+ 17. Kf2 Rxf3+ 18. Kxf3 Na6 19. Nf5 e4+ 20. Kf2
Bd8 21. Rc3 Bb6+ 22. Kg2 Qg5+ 23. Nfg3 Nh5 24. Kh3 Nxg3 25. Nxg3 f5 26. Bc4+ Kf8
27. b5 cxb5 28. Be6 f4 29. Nxe4 Qh6+ 30. Kg4 Qxe6+ 31. Kxf4 Re8 32. Ng5 Qe5+ 33.
Kg4 Qxc3 34. Nxh7+ Kg8 35. Ng5 Qd4+ 36. Kh5 Re1 37. Kg6 Rh1 38. Nf3 Qf6# 0-1

[Event "Challenge"]
[Site "http://www.queenalice.com/game.php?id=477316"]
[Date "2008.10.14"]
[Round "-"]
[White "Kuroi"]
[Black "Tobe10"]
[Result "1-0"]
[WhiteElo "1574"]
[BlackElo "1366"]

1. e4 e5 2. d4 exd4 3. Qxd4 b6 4. Qe5+ Be7 5. Qxg7 Bf6 6. Qg4 d5 7. Qf4 Bg5 8.
Qe5+ Qe7 9. Qxh8 Kf8 10. Qxh7 Nh6 11. Qh8+ Ng8 12. Bxg5 Qxg5 13. Nf3 Qe7 14. Nc3
dxe4 15. Nd2 e3 16. O-O-O exd2+ 17. Rxd2 Qe1+ 18. Nd1 Qe7 19. Qc3 Nf6 20. Qf3 c6
21. h4 Bg4 22. Re2 Qd8 23. Qa3+ c5 24. f3 Be6 25. h5 Nxh5 26. Rxh5 Nc6 27. Rh8+
Ke7 28. Rxd8 Rxd8 29. g4 Nd4 30. Qxa7+ Rd7 31. Qxb6 Rd6 32. Qc7+ Rd7 33. Qxc5+
Rd6 34. Qg5+ Kd7 35. Re3 Rd5 36. Qf4 Rc5 37. Qxd4+ Rd5 38. Bb5+ Ke7 39. Qa7+ Kf6
40. Be8 Rd8 41. Bxf7 Bxf7 42. Qb6+ Kg5 43. Qxd8+ Kf4 44. Qh4 Bd5 45. g5+ Kf5 46.
Qg4+ Kg6 47. f4 Bxa2 48. f5+ Kg7 49. f6+ Kg6 50. Rf3 Bd5 51. Rf4 Ba2 52. Qf5+
Kh5 53. g6+ Kh6 54. f7 Kg7 55. f8=Q# 1-0

[Event "Challenge"]
[Site "http://www.queenalice.com/game.php?id=477317"]
[Date "2008.10.14"]
[Round "-"]
[White "Tobe10"]
[Black "Kuroi"]
[Result "1/2-1/2"]
[WhiteElo "1357"]
[BlackElo "1589"]

1. d4 d5 2. e3 Nc6 3. b3 Bf5 4. Bd3 Bxd3 5. Qxd3 e6 6. Nf3 Nb4 7. Qb5+ c6 8.
Qxb4 Bxb4+ 9. Nbd2 Nf6 10. c4 Bxd2+ 11. Bxd2 Ne4 12. Bb4 dxc4 13. bxc4 e5 14.
Nxe5 Qg5 15. Rg1 Qf6 16. f3 Qh4+ 17. Kd1 Qxh2 18. Re1 Nf2+ 19. Kc2 Qxg2 20. Rg1
Qh3 21. Raf1 Qf5+ 22. e4 Nxe4 23. Rg4 Nf2+ 24. Kc1 Nxg4 25. Nxg4 Qd3 26. Re1+
Kd8 27. Be7+ Kd7 28. Ne5+ Kxe7 29. Nxd3+ Kd7 30. Nc5+ Kc7 31. Re7+ Kb6 32. Rxb7+
Ka5 33. Nb3+ Ka6 34. Nc5+ Ka5 35. Nb3+ Ka6 36. Nc5+ Ka5 37. Nb3+ Ka6 38. Nc5+
Ka5 1/2-1/2

[Event "Challenge"]
[Site "http://www.queenalice.com/game.php?id=477730"]
[Date "2008.10.15"]
[Round "-"]
[White "MASTROIANNI"]
[Black "Tobe10"]
[Result "1-0"]
[WhiteElo "1748"]
[BlackElo "1379"]

1. d4 d5 2. Nf3 Nc6 3. e3 a5 4. Bb5 g6 5. Ng5 h5 6. Qf3 Be6 7. Bxc6+ bxc6 8. Nc3
Bg4 9. Qxf7+ Kd7 10. Qe6+ Ke8 11. Qxc6+ Bd7 12. Qxg6# 1-0

[Event "Challenge"]
[Site "http://www.queenalice.com/game.php?id=480771"]
[Date "2008.10.21"]
[Round "-"]
[White "sebastiam"]
[Black "Tobe10"]
[Result "0-1"]
[WhiteElo "1575"]
[BlackElo "1375"]

1. e3 e5 2. Qf3 f6 3. Ne2 Nc6 4. g4 a5 5. Ng3 b6 6. Bg2 d5 7. O-O e4 8. Qe2 Ba6
9. d3 Nb4 10. Nc3 g6 11. a3 Nc6 12. Nxd5 Qxd5 13. Bxe4 Qd6 14. Qf3 Ne5 15. Qf4
Rd8 16. Rd1 g5 17. Qf5 Bc8 18. Qxe5+ fxe5 19. b4 axb4 20. axb4 Bxg4 21. f3 Bh3
22. Ba3 Nf6 23. b5 Qd7 24. Bb2 Nxe4 25. dxe4 Qxb5 26. Rdb1 Rd2 27. Bc3 Qd7 28.
Nf1 Rxc2 29. Rd1 Qf7 30. Ra8+ Ke7 31. Rad8 Qxf3 32. R8d7+ Kf6 33. Nd2 Qg2# 0-1

[Event "Lost you"]
[Site "http://www.queenalice.com/game.php?id=482454"]
[Date "2008.10.24"]
[Round "-"]
[White "Tobe10"]
[Black "Jake"]
[Result "0-1"]
[WhiteElo "1375"]
[BlackElo "1203"]

1. d4 e6 2. f4 Qe7 3. Nc3 f5 4. Nf3 Nh6 5. a3 g6 6. h4 b6 7. Ng5 Bb7 8. d5 exd5
9. e3 Nc6 10. Nxd5 Qd6 11. e4 fxe4 12. Qd4 Nxd4 13. Ne3 Qxf4 14. Nc4 Nxc2+ 15.
Kd1 Ne3+ 16. Nxe3 Qf2 17. Nxe4 Qf4 18. Ng5 Qd4+ 19. Kc2 Qc5+ 20. Kd1 Qd4+ 21.
Bd2 Qxb2 22. Rc1 Bxa3 23. Nc2 Qb3 24. Rh3 Qa4 25. Rxa3 Qb5 26. Bxb5 Bxg2 27.
Re3+ Kd8 28. Ne1 Bh1 29. Bc3 Rf8 30. Bg7 Rf5 31. Bd3 Rd5 32. Bxh6 c6 33. Nf7+
Kc7 34. Bf4+ d6 35. Re7+ Kc8 0-1

[Event "Red"]
[Site "http://www.queenalice.com/game.php?id=484373"]
[Date "2008.10.28"]
[Round "-"]
[White "Kuroi"]
[Black "Tobe10"]
[Result "1-0"]
[WhiteElo "1571"]
[BlackElo "1413"]

1. e4 g5 2. Bc4 a6 3. Qh5 e6 4. Nf3 Nf6 5. Qxg5 Nxe4 6. Qh5 d5 7. Ne5 Qf6 8. Qf3
Qxe5 9. Be2 Bc5 10. d3 Bxf2+ 11. Kf1 Bc5 12. dxe4 dxe4 13. Bf4 Qxb2 14. Qc3 Qxc3
15. Nxc3 c6 16. Nxe4 Bd4 17. Rd1 Bb2 18. Nd6+ Kd8 19. Nxf7+ Ke7 20. Nxh8 Bxh8
21. Bg5+ Kf7 22. Rd8 Bf6 23. Bh5+ Ke7 24. Bxf6+ Kxf6 25. Rxc8 e5 26. Rf8+ Ke6
27. Re8+ Kf5 28. g4+ Kg5 29. h4+ Kf4 30. g5 b5 31. Rf8+ Ke4 32. Bf3+ Ke3 33.
Bxc6 Ra7 34. Rxb8 Rf7+ 35. Ke1 Rc7 36. Rh3+ Kd4 37. Rd8+ Kc5 38. Rc3+ Kb6 39.
Rd7 Rc8 40. Rb7+ Ka5 41. Rxh7 b4 42. Rc5+ Kb6 43. Rc4 Rxc6 44. Rxc6+ Kxc6 45. g6
Kd6 46. g7 Ke7 47. g8=Q+ Kd6 48. Qg5 Kd5 49. Rh5 Kc4 50. Kd2 e4 51. Qe3 a5 52.
Qxe4# 1-0

[Event "Red"]
[Site "http://www.queenalice.com/game.php?id=484375"]
[Date "2008.10.28"]
[Round "-"]
[White "gutopa"]
[Black "Tobe10"]
[Result "0-1"]
[WhiteElo "1504"]
[BlackElo "1350"]

1. e4 e5 2. Qh5 g6 3. Qxe5+ Qe7 4. Qxh8 Qxe4+ 5. Ne2 Nh6 6. Qxh7 Nc6 7. d3 Qb4+
8. c3 Qd6 9. Bxh6 Bxh6 10. Qxh6 Qxd3 11. Qe3+ Qxe3 12. fxe3 d5 13. Nd4 Ne5 14.
Nd2 Bg4 15. h3 Bd7 16. Bb5 c6 17. Be2 c5 18. Bb5 Bxb5 19. Nxb5 a6 20. Nd6+ Kd7
21. Nxb7 Kc6 22. Na5+ Kd6 23. O-O-O Nd3+ 24. Kc2 Nf2 25. Ndc4+ Ke7 26. Rxd5 Nxh1
27. Rxc5 Ng3 28. Nc6+ Kd7 29. Nb6+ Kd6 30. Nxa8 Kxc5 31. Ne5 Ne4 32. Nxf7 a5 33.
Ne5 Kd6 34. Nc4+ Kc5 0-1

[Event "Red"]
[Site "http://www.queenalice.com/game.php?id=484376"]
[Date "2008.10.28"]
[Round "-"]
[White "Tobe10"]
[Black "chunyi2012"]
[Result "0-1"]
[WhiteElo "1377"]
[BlackElo "1816"]

1. d4 d5 2. b4 e6 3. c3 g6 4. a4 Bg7 5. Bf4 Nf6 6. h4 O-O 7. g3 Nbd7 8. e3 Re8
9. a5 e5 10. dxe5 Nxe5 11. c4 c6 12. c5 Ne4 13. Nf3 Ng4 14. Ng5 Bxa1 15. Nd2
Nexf2 16. Qxa1 Nxh1 17. e4 Nhf2 18. Bh3 Nxe4 19. Bg2 Nc3+ 20. Kf1 d4 21. Qb2 Qe7
22. Qb3 Qe1# 0-1

[Event "Red"]
[Site "http://www.queenalice.com/game.php?id=484377"]
[Date "2008.10.28"]
[Round "-"]
[White "Tobe10"]
[Black "bugeyewrx"]
[Result "0-1"]
[WhiteElo "1352"]
[BlackElo "2006"]

1. e4 Nf6 2. d3 e5 3. Nf3 Nc6 4. Nc3 Bb4 5. a3 Ba5 6. b4 Bb6 7. Bg5 d6 8. b5 Nd4
9. Nxd4 Bxd4 10. Qd2 h6 11. Be3 Bxe3 12. Qxe3 b6 13. h4 Qd7 14. a4 a5 15. g3 Ng4
16. Qe2 c6 17. Bh3 cxb5 18. f3 Qc6 19. Nxb5 Nf6 20. Bxc8 Rxc8 21. Rc1 Qc5 22.
Na7 Rc7 23. Nb5 Rc6 24. c4 d5 25. exd5 Nxd5 26. Qxe5+ Re6 27. Qxe6+ fxe6 28. f4
Qe3+ 29. Kd1 Qxd3+ 30. Ke1 Qxg3+ 31. Kd1 Qf3+ 32. Kc2 Nb4+ 33. Kb2 Nd3+ 34. Kb1
Nxc1 35. Rxc1 Qb3+ 36. Ka1 Qxa4+ 37. Kb2 O-O 38. Nd6 Qb4+ 39. Ka2 Qxd6 40. Kb3
Rxf4 41. Rg1 Qd3+ 42. Kb2 Qd4+ 43. Kb3 Qxg1 44. Ka4 Rxc4+ 45. Kb5 Rxh4 46. Ka6
a4 47. Kb7 b5 48. Ka6 b4 49. Ka5 b3 50. Kb5 Qc1 51. Ka5 a3 52. Kb6 a2 53. Kb7 b2
0-1

[Event "Red"]
[Site "http://www.queenalice.com/game.php?id=484383"]
[Date "2008.10.28"]
[Round "-"]
[White "Tobe10"]
[Black "MataMoscas"]
[Result "0-1"]
[WhiteElo "1380"]
[BlackElo "1643"]

1. f4 d6 2. d4 Bf5 3. e3 Nc6 4. d5 Nb4 5. Bd3 Bg6 6. Bxg6 hxg6 7. a3 Na6 8. b4
e5 9. fxe5 Qg5 10. Qf3 Qxe5 11. Bb2 Qxb2 12. Qe4+ Ne7 13. Qd4 Qxc2 14. Nc3 Qxg2
15. Qe4 Qb2 16. Rb1 Qxc3+ 17. Kd1 Qxa3 18. b5 Nc5 19. Qd4 Qa2 20. Rb2 Qa1+ 21.
Kc2 Na4 22. e4 Nxb2 23. Qxb2 Qa4+ 24. Kd2 Qxe4 25. Nf3 Qxf3 26. Qb1 Qxd5+ 27.
Qd3 Qxh1 28. Qc3 Rxh2+ 29. Kd3 Rh3+ 30. Kc2 Rxc3+ 31. Kxc3 a6 32. b6 cxb6 33.
Kc4 Rc8+ 34. Kd4 Qd5+ 35. Ke3 Rc3+ 36. Kf4 Qf3+ 37. Kg5 Qg3# 0-1